<?xml version="1.0" encoding="UTF-8"?>
<record
    xmlns:xsi="http://www.w3.org/2001/XMLSchema-instance"
    xsi:schemaLocation="http://www.loc.gov/MARC21/slim http://www.loc.gov/standards/marcxml/schema/MARC21slim.xsd"
    xmlns="http://www.loc.gov/MARC21/slim">

  <leader>01271nam0a22003011  4500</leader>
  <controlfield tag="001">rc\4470720</controlfield>
  <controlfield tag="005">20260406093720.0</controlfield>
  <datafield tag="021" ind1=" " ind2=" ">
    <subfield code="a">RU</subfield>
    <subfield code="b">[61-65113]</subfield>
  </datafield>
  <datafield tag="035" ind1=" " ind2=" ">
    <subfield code="a">(NLR Aleph) 008329810</subfield>
  </datafield>
  <datafield tag="090" ind1=" " ind2=" ">
    <subfield code="a">8809904</subfield>
    <subfield code="c">8809904</subfield>
  </datafield>
  <datafield tag="100" ind1=" " ind2=" ">
    <subfield code="a">20130416d1961    |||y0rusy50      ca</subfield>
  </datafield>
  <datafield tag="101" ind1="1" ind2=" ">
    <subfield code="a">rus</subfield>
    <subfield code="c">ukr</subfield>
  </datafield>
  <datafield tag="102" ind1=" " ind2=" ">
    <subfield code="a">RU</subfield>
  </datafield>
  <datafield tag="105" ind1=" " ind2=" ">
    <subfield code="a">a   z   |||a|</subfield>
  </datafield>
  <datafield tag="200" ind1="1" ind2=" ">
    <subfield code="a">&#x414;&#x435;&#x442;&#x441;&#x442;&#x432;&#x43E; &#x422;&#x430;&#x440;&#x430;&#x441;&#x430;</subfield>
    <subfield code="e">&#x41A;&#x43E;&#x440;&#x43E;&#x442;&#x43A;&#x438;&#x435; &#x440;&#x430;&#x441;&#x441;&#x43A;&#x430;&#x437;&#x44B; &#x43E; &#x434;&#x435;&#x442;&#x441;&#x442;&#x432;&#x435; &#x422;.&#x413;. &#x428;&#x435;&#x432;&#x447;&#x435;&#x43D;&#x43A;&#x43E;</subfield>
    <subfield code="f">&#x41F;&#x435;&#x440;. &#x441; &#x443;&#x43A;&#x440;. &#x41B;. &#x412;&#x43E;&#x440;&#x43E;&#x43D;&#x43A;&#x43E;&#x432;&#x43E;&#x439;</subfield>
    <subfield code="g">[&#x413;&#x440;&#x430;&#x432;. &#x43D;&#x430; &#x434;&#x435;&#x440;&#x435;&#x432;&#x435; &#x41D;. &#x41A;&#x430;&#x43B;&#x438;&#x442;&#x44B;]</subfield>
  </datafield>
  <datafield tag="210" ind1=" " ind2=" ">
    <subfield code="a">&#x41C;&#x43E;&#x441;&#x43A;&#x432;&#x430;</subfield>
    <subfield code="c">&#x414;&#x435;&#x442;&#x433;&#x438;&#x437;</subfield>
    <subfield code="d">1961</subfield>
  </datafield>
  <datafield tag="215" ind1=" " ind2=" ">
    <subfield code="a">224 &#x441;.</subfield>
    <subfield code="c">&#x438;&#x43B;.</subfield>
    <subfield code="d">21</subfield>
  </datafield>
  <datafield tag="225" ind1="1" ind2=" ">
    <subfield code="a">&#x428;&#x43A;&#x43E;&#x43B;&#x44C;&#x43D;&#x430;&#x44F; &#x431;&#x438;&#x431;&#x43B;&#x438;&#x43E;&#x442;&#x435;&#x43A;&#x430;</subfield>
    <subfield code="i">[&#x414;&#x43B;&#x44F; &#x432;&#x43E;&#x441;&#x44C;&#x43C;&#x438;&#x43B;&#x435;&#x442;&#x43D;&#x435;&#x439; &#x448;&#x43A;&#x43E;&#x43B;&#x44B;]</subfield>
  </datafield>
  <datafield tag="300" ind1=" " ind2=" ">
    <subfield code="a">&#x41F;&#x435;&#x440;&#x435;&#x434; &#x437;&#x430;&#x433;&#x43B;. &#x430;&#x432;&#x442;.: &#x414;&#x43C;&#x438;&#x442;&#x440;&#x43E; &#x41A;&#x440;&#x430;&#x441;&#x438;&#x446;&#x43A;&#x438;&#x439;</subfield>
  </datafield>
  <datafield tag="700" ind1=" " ind2="1">
    <subfield code="a">&#x41A;&#x440;&#x430;&#x441;&#x438;&#x446;&#x43A;&#x438;&#x439;</subfield>
    <subfield code="b">&#x414;.&#x424;.</subfield>
    <subfield code="f">1901-</subfield>
    <subfield code="g">&#x414;&#x43C;&#x438;&#x442;&#x440;&#x438;&#x439; &#x424;&#x438;&#x43B;&#x438;&#x43C;&#x43E;&#x43D;&#x43E;&#x432;&#x438;&#x447;</subfield>
  </datafield>
  <datafield tag="702" ind1=" " ind2="1">
    <subfield code="4">040</subfield>
    <subfield code="8">rus</subfield>
    <subfield code="7">ca</subfield>
    <subfield code="a">&#x41A;&#x430;&#x43B;&#x438;&#x442;&#x430;</subfield>
    <subfield code="b">&#x41D;. &#x418;.</subfield>
    <subfield code="f">1926-2016</subfield>
    <subfield code="g">&#x41D;&#x438;&#x43A;&#x43E;&#x43B;&#x430;&#x439; &#x418;&#x432;&#x430;&#x43D;&#x43E;&#x432;&#x438;&#x447;</subfield>
    <subfield code="3">RU\NLR\AUTH\7766927</subfield>
    <subfield code="9">49855</subfield>
  </datafield>
  <datafield tag="702" ind1=" " ind2="1">
    <subfield code="a">&#x428;&#x435;&#x432;&#x447;&#x435;&#x43D;&#x43A;&#x43E;</subfield>
    <subfield code="b">&#x422;.&#x413;.</subfield>
    <subfield code="f">1814-1861</subfield>
    <subfield code="g">&#x422;&#x430;&#x440;&#x430;&#x441; &#x413;&#x440;&#x438;&#x433;&#x43E;&#x440;&#x44C;&#x435;&#x432;&#x438;&#x447;</subfield>
    <subfield code="4">570</subfield>
  </datafield>
  <datafield tag="702" ind1=" " ind2="1">
    <subfield code="a">&#x412;&#x43E;&#x440;&#x43E;&#x43D;&#x43A;&#x43E;&#x432;&#x430;</subfield>
    <subfield code="b">&#x41B;.</subfield>
    <subfield code="4">730</subfield>
  </datafield>
  <datafield tag="801" ind1=" " ind2="0">
    <subfield code="a">RU</subfield>
    <subfield code="b">NLR</subfield>
    <subfield code="g">psbo</subfield>
  </datafield>
  <datafield tag="801" ind1=" " ind2="1">
    <subfield code="a">RU</subfield>
    <subfield code="b">ELAR</subfield>
    <subfield code="2">rusmarc</subfield>
  </datafield>
  <datafield tag="852" ind1=" " ind2=" ">
    <subfield code="a">NLR</subfield>
    <subfield code="j">61-3/4740</subfield>
  </datafield>
  <datafield tag="942" ind1=" " ind2=" ">
    <subfield code="c">BOOK</subfield>
  </datafield>
  <datafield tag="980" ind1=" " ind2=" ">
    <subfield code="a">NB</subfield>
  </datafield>
  <datafield tag="995" ind1=" " ind2=" ">
    <subfield code="5">2013-10-26</subfield>
    <subfield code="b">NLR01</subfield>
    <subfield code="c">NLR01</subfield>
    <subfield code="e">RF31</subfield>
    <subfield code="f">8329810-10</subfield>
    <subfield code="k">61-3/4740</subfield>
    <subfield code="o">0</subfield>
    <subfield code="r">BOOK</subfield>
    <subfield code="s">6134740_</subfield>
  </datafield>
</record>
